Breaking Bad Characters - Statistics

General Stats
  • This quiz has been taken 170 times
  • The average score is 8 of 10
Answer Stats
Hint Answer % Correct
Heisenburg Walter White
98%
DEA Agent Hank
94%
Heisenburg's Lawyer Saul
93%
Owns a Chicken Restaurant Gus
88%
B***h Jesse Pinkman
85%
Money Launderer Skyler
81%
Has Cerebal Palsy Walter Jr
71%
Poisoned by Ricin Lydia
69%
Has Weird Eyebrows Bogdan
51%
Runs Into a Door Ted
44%
No matching quizzes found
Score Distribution
Percent of People with Each Score
Percentile by Number Answered
Your Score History
You have not taken this quiz